000
00299nam a22001337a 4500
008
170601b xxu||||| |||| 00| 0 eng d
020
_a
0684135213
041
_a
eng
080
_a
93
100
_a
17
101
_a
SHH
245
_a
A CONCISE HISTORY OF THE THEATRE
_c
HARTNOLL, P
942
_2
udc
_c
BK
999
_c
15185
_d
15185